Roadblocks to faith / (Record no. 6545)

MARC details
000 -LEADER
fixed length control field 00840cam a22002651 4500
001 - CONTROL NUMBER
control field 6513635
003 - CONTROL NUMBER IDENTIFIER
control field GBCCL
005 - DATE AND TIME OF LATEST TRANSACTION
control field 20241126110605.0
008 - FIXED-LENGTH DATA ELEMENTS--GENERAL INFORMATION
fixed length control field 750325s1954 nyu 000 0 eng
010 ## -
-- 54007335
035 ## - SYSTEM CONTROL NUMBER
System control number (OCoLC)1237563
040 ## - CATALOGING SOURCE
Original cataloging agency DLC
Transcribing agency FO
Modifying agency OCoLC
-- DLC
042 ## -
-- premarc
050 00 -
-- BT1105
-- .P46
082 ## - DEWEY DECIMAL CLASSIFICATION NUMBER
Classification number 239
Item number PIK
100 1# - MAIN ENTRY--PERSONAL NAME
Personal name Pike, James A.
Fuller form of name (James Albert)
Dates associated with a name 1913-1969.
9 (RLIN) 11718
245 10 - TITLE STATEMENT
Title Roadblocks to faith /
Statement of responsibility, etc. by James A. Pike and John McG. Krumm. Foreword by Horace W. B. Donegan.
260 ## - PUBLICATION, DISTRIBUTION, ETC.
Place of publication, distribution, etc. New York:
Name of publisher, distributor, etc. Morehouse-Gorham Co.,
Date of publication, distribution, etc. 1954.
300 ## - PHYSICAL DESCRIPTION
Extent 144 p.;
Dimensions 20 cm.
490 0# - SERIES STATEMENT
Series statement Bishop of New York books,
Volume/sequential designation 1954
650 #0 - SUBJECT ADDED ENTRY--TOPICAL TERM
Topical term or geographic name entry element Apologetics
9 (RLIN) 85
700 1# - ADDED ENTRY--PERSONAL NAME
Personal name Krumm, John McGill,
Dates associated with a name 1913-
Relator term joint author.
9 (RLIN) 2177
906 ## - LOCAL DATA ELEMENT F, LDF (RLIN)
a 7
b cbc
c oclcrpl
d u
e ncip
f 19
g y-gencatlg
942 ## - ADDED ENTRY ELEMENTS (KOHA)
Source of classification or shelving scheme Dewey Decimal Classification
Koha item type Books
Koha issues (borrowed), all copies 2
Holdings
Withdrawn status Lost status Source of classification or shelving scheme Damaged status Not for loan Home library Current Library Shelving location Date acquired Total checkouts Full call number Barcode Date last seen Date last checked out Copy number Price effective from Koha item type
    Dewey Decimal Classification     GRACE BIBLE COLLEGE GRACE BIBLE COLLEGE Theology 2018-05-17 2 239 PIK 008401 2025-05-01 2024-07-12 c.1 2018-05-17 Books
© Grace Bible College Library 2025